Statistiche per Scuderie con almeno un Punto in più stagioni di Formula 1

Clicka qui per fare il quiz!

Statistiche generali

  • Questo quiz è stato fatto 11 volte
  • Il punteggio medio è 7 su 10

Statistiche sulle risposte

NazioneStagioni con almeno un puntoPrima stagione con almeno un puntoUltima stagione con almeno un puntoScuderia% Corretto
Italia6619582023Ferrari
100%
Regno Unito4219782019Williams
100%
Regno Unito4119662006McLaren
80%
Regno Unito1620082023McLaren
80%
Regno Unito / Austria1920052023Red Bull
80%
Italia1820062023AlphaTauri
60%
Regno Unito / Italia1619862001Benetton
50%
Regno Unito2619621987Brabham
50%
Regno Unito3619581993Team Lotus
40%
Regno Unito1719581974BRM
20%

Distribuzione punteggi

Percentile per numero di risposta

Percentuale di utenti per punteggio

I tuoi punteggi nel tempo

Non hai fatto questo quiz